What Came First? - Statistics

General Stats
  • This quiz has been taken 97 times
  • The average score is 9 of 15
Answer Stats
Question Answer % Correct
The Korean War or the Chinese Revolution Chinese Revolution
86%
Die Hard or Home Alone Die Hard
76%
The Tuba or the French Horn French Horn
71%
The Iliad or the Odyssey Iliad
71%
Lima or Boston Lima
71%
The Spanish Empire or the Ottoman Empire Ottoman Empire
71%
U2 or Kiss Kiss
67%
Cleopatra or Julius Caesar Julius Caesar
62%
Mozart or Beethoven Mozart
62%
Poptarts or the Poprocks Pop Rocks
62%
Microsoft or Apple Microsoft
52%
Birds or Turtles Turtles
52%
Toronto or New Orleans Toronto
43%
The first open heart surgery or brain surgery. Brain surgery
38%
The Camera or the Motor Camera
38%
No matching quizzes found
Score Distribution
Percent of People with Each Score
Percentile by Number Answered
Your Score History
You have not taken this quiz